[Event "SVK-ch U08"]
[Site "Tatralandia"]
[Date "2025.05.13"]
[Round "4"]
[White "Motyka, Richard"]
[Black "Katreniak, Simon"]
[Result "1-0"]
[WhiteElo "1234"]
[BlackElo "1000"]
[PlyCount "51"]
[EventDate "2025.05.11"]
[EventType "swiss"]
[EventRounds "9"]
[EventCountry "SVK"]
[SourceTitle "CB21_2025"]
[SourceDate "2025.05.21"]
[SourceVersion "1"]
[SourceVersionDate "2025.05.21"]
[SourceQuality "1"]

1. e4 c6 2. d4 d5 3. e5 Bf5 4. Nf3 Bg4 5. Nc3 e6 6. h3 Bxf3 7. Qxf3 Bb4 8. a3 Bxc3+ 9. Qxc3 Ne7 10. Bg5 0-0 11. Qb4 Re8 12. Qxb7 Nd7 13. Bxe7 Qxe7 14. Qxc6 Rac8 15. Qa4 Rc7 16. 0-0-0 Qg5+ 17. Kb1 Rec8 18. c3 Rb8 19. Ka1 Rcb7 20. g3 Rxb2 21. Qxd7 Qg6 22. Bd3 Qh6 23. f4 R2b3 24. Qxa7 Qh5 25. Rb1 Qf3 26. Qxb8+ 1-0

[Event "SVK-chT U12 rapid"]
[Site "Poprad"]
[Date "2025.05.02"]
[Round "3.32"]
[White "Katreniak, Simon"]
[Black "Sekeresova, Alexandra"]
[Result "0-1"]
[WhiteElo "1000"]
[BlackElo "1048"]
[PlyCount "72"]
[EventDate "2025.05.02"]
[EventType "team-swiss (rapid)"]
[EventRounds "7"]
[EventCountry "SVK"]
[SourceTitle "CB19_2025"]
[SourceDate "2025.05.07"]
[SourceVersion "1"]
[SourceVersionDate "2025.05.07"]
[SourceQuality "1"]

1. d4 d5 2. c4 dxc4 3. e3 Nc6 4. Bxc4 Nf6 5. Nc3 b6 6. b3 Bb7 7. Ba3 Qd7 8. Nf3 0-0-0 9. 0-0 e6 10. b4 Ne7 11. d5 exd5 12. Bb5 c6 13. Ba4 Ng6 14. b5 Bxa3 15. bxc6 Bxc6 16. Bxc6 Qxc6 17. Na4 Be7 18. Rc1 Bc5 19. Nxc5 bxc5 20. Rc2 Qe8 21. Rxc5+ Kb8 22. Qb1+ Ka8 23. Qb2 Nd7 24. Rb1 Nxc5 25. Nd2 Rb8 26. Qc1 Rxb1 27. Qxb1 Qb8 28. Qc1 Ne6 29. Qd1 Qb7 30. Nb3 Ne5 31. Na5 Qa6 32. Qxd5+ Kb8 33. Qxe5+ Kc8 34. Qc5+ Nxc5 35. f4 Re8 36. h4 h6 0-1

[Event "SVK-chT U12 rapid"]
[Site "Poprad"]
[Date "2025.05.02"]
[Round "2.20"]
[White "Stricova, Viktoria Lea"]
[Black "Katreniak, Simon"]
[Result "1-0"]
[WhiteElo "1413"]
[BlackElo "1000"]
[PlyCount "33"]
[EventDate "2025.05.02"]
[EventType "team-swiss (rapid)"]
[EventRounds "7"]
[EventCountry "SVK"]
[SourceTitle "CB19_2025"]
[SourceDate "2025.05.07"]
[SourceVersion "1"]
[SourceVersionDate "2025.05.07"]
[SourceQuality "1"]

1. e4 e5 2. Nf3 Nc6 3. Nc3 Nf6 4. Bb5 Bc5 5. Nxe5 Nxe5 6. d4 c6 7. dxe5 Qb6 8. 0-0 cxb5 9. exf6 gxf6 10. Nd5 Bxf2+ 11. Rxf2 Qa5 12. Nxf6+ Ke7 13. Bg5 h6 14. Nd5+ Ke6 15. Rf6+ Ke5 16. Bf4+ Kxe4 17. Qd3# 1-0